| 000 | 02314nam a2200481 c 4500 | ||
|---|---|---|---|
| 003 | BLK | ||
| 005 | 20180422103157.0 | ||
| 008 | 180408b bul|||||r ||||||| ||bul|| | ||
| 010 | _aKNG00075268000 | ||
| 020 |
_a978-954-340-046-1 _bиздат.: Ню медиа груп |
||
| 040 | _aBLK | ||
| 041 |
_aBUL _cBUL |
||
| 080 |
_aЕзиково и говорно възпитание. Начални основи на граматика и правопис. _b372.46 _x(079)(075.2) _z372.46(079)(075.2) |
||
| 080 |
_aОснови на математиката в основното образование _b372.47 _x(079)(075.2) _z372.47(079)(075.2) |
||
| 080 |
_aМетодика по природознание _b372.850.2 _x(079)(075.2) _z372.850.2(079)(075.2) |
||
| 080 |
_aРодинознание _b372.48 _x(079)(075.2) _z372.48(079)(075.2) |
||
| 100 | 1 |
_aГинчева, Златка _eпърви автор _9364898 |
|
| 139 |
_aГинчева, Златка _bГ 49 |
||
| 245 | 1 | 0 |
_aТестове за проверка и оценка на знанията на учениците от ІV клас _cЗлатка Гинчева. |
| 257 | _aBGR | ||
| 260 |
_аСофия _bНю медиа груп _c2007 _fСофия : Мултипринт |
||
| 300 |
_a168 с. _bс табл. _c20 см |
||
| 380 | _a3 | ||
| 500 | _aОфс. изд. | ||
| 650 | 4 |
_aБългарски език - тестове и задачи - учебници за основни училища _9256979 |
|
| 650 | 4 |
_aБългарска литература - тестове - учебни помагала _9259739 |
|
| 650 | 4 |
_aМатематика - тестове _9246228 |
|
| 650 | 4 |
_aПриродознание - методика на преподаването - тестове _9242964 |
|
| 650 | 4 |
_aРодинознание - тестове - учебни помагала _9253922 |
|
| 653 | _aбългарски език | ||
| 653 | _aбългарска литература | ||
| 653 | _aматематика | ||
| 653 | _aприродознание | ||
| 653 | _aродинознание | ||
| 653 | _aтестове | ||
| 653 | _aучебни помагала | ||
| 653 | _aІV кл. | ||
| 852 | _aЦб 234062 | ||
| 856 | 4 |
_qpdf _u |
|
| 856 | 4 |
_qpdf _u |
|
| 942 |
_cKNG _n0 _01 |
||
| 944 |
_aCR _c28.05.2007 _kНаталия_Медовщикова |
||
| 944 |
_aED _c26.11.2008 _k |
||
| 999 |
_c70905 _d70905 |
||